| 000 | 00643nam a22001937a 4500 | ||
|---|---|---|---|
| 003 | UA-OsUOA | ||
| 001 | 19912 | ||
| 007 | ta | ||
| 008 | 20040922b un ||||| |||| 00| 0 ukr d | ||
| 942 | _cBK | ||
| 040 |
_aUA-OsUOA _brus _cUA-OsUOA _dUA-OsUOA |
||
| 245 |
_aСтруни душі _bЗбірник пісень _cУпоряд. : Г.К.Олійник ; Літер. ред. : Л.Г.Дмитрук ; Муз. редактор : Т.В.Лобанчук ; Художн. : В.В.Василевич |
||
| 300 | _a76 с. | ||
| 955 | _a0 | ||
| 041 | _arus | ||
| 260 |
_aДубно _c2001 |
||
| 044 | _aRU | ||
| 650 | 7 |
_aКраєзнавча робота _2UDC |
|
| 999 |
_c306085 _d306085 |
||